1961 1475 1081 1316 2000 1740 1483 1099 1889 1304 1099 1978 1854 1938 1359 1361 1622 1951 1682 1570 1040 1380 1735 1716 1763 1412 1087 1253 1016 1953 1285 1695 1150 1610 1913 1512 1489 1477 1371 1848 1211 1996 1650 1240 1440 1041 1506 1632 1381 1488 1421 1246 1892 1134 1916 1396 1242 1426 1641 1559 1860 1805 1337 1022 1679 1012 1510 1010 1983 1665 1126 1024 1453 1262 1118 1174 1422 1344 1416 1477 1877 1194 1748 1790 1349 1627 1516 1845 1102 1063 1929 1198 1217 1108 1910 1728 1074 1173 1126 BCNSPRNW ULIB Ver.6.0+V

เปลี่ยนเป็นภาษาไทย

Change to English
 แสดงรายละเอียดบรรณานุกรม
  กลับหน้าหลัก

Brief Record : Get Marc (ISO 2709) : E-mail record : QR code < ปิดหน้าต่าง
LEADER : 00000nas 2200000uu 4500
001    13399122386
003     ULIB
008    020711s|||| th a 000 0 tha d
022    08572127
110    โรงพยาบาลสวนปรุง
245    วารสารสวนปรุง.(วิทยาเขตนครสวรรค์) /^cโรงพยาบาลสวนปรุง
260    เชียงใหม่ :^bโรงพยาบาลสวนปรุง,^cม.ป.ป.
310    ^aรายสี่เดือน
850 ^a ULIB:campus^bปีที่ 28 ฉบับที่ 1 ;ปีที่ 28 ฉบับที่ 2 ;ปีที่ 28 ฉบับที่ 3 ;ปีที่ 29 ฉบับที่ 1 ;ปีที่ 29 ฉบับที่ 2 ;ปีที่ 30 ฉบับที่ 1 c.1 ;ปีที่ 31 ฉบับที่ 1 ฉ.1 ;ปีที่ 31 ฉบับที่ 2 ฉ.1
945    ^p0^l0^i800431
945    ^p0^l0^i800616
945    ^p0^l0^i800706
945    ^p0^l0^i800707
945    ^p0^l0^i800745
945    ^p0^l0^i800948
945    ^p0^l0^i801266
945    ^p0^l0^i801450
999    ^aทศพร เกษรทอง
รายการนี้ยังไม่มีแท็ก
คุณยังไม่ได้ล็อกอิน คุณสามารถมีกิจกรรมร่วมกับเว็บไซต์ได้ แต่ต้องล็อกอินก่อน ::
  ล็อกอิน

รายการสื่อสารสนเทศ (วารสาร)

ดูแบบ: กล่อง รายการ
ARRIVED
ปีที่ 28 ฉบับที่ 1
สถานที่: ห้องสมุดวิทยาเขตสวรรค์ประชารักษ์ >วารสาร
ARRIVED
ปีที่ 28 ฉบับที่ 2
สถานที่: ห้องสมุดวิทยาเขตนครสวรรค์ >วารสาร
ARRIVED
ปีที่ 28 ฉบับที่ 3
สถานที่: ห้องสมุดวิทยาเขตนครสวรรค์ >วารสาร
ARRIVED
ปีที่ 29 ฉบับที่ 1
สถานที่: ห้องสมุดวิทยาเขตนครสวรรค์ >วารสาร
ARRIVED
ปีที่ 30 ฉบับที่ 1 c.1
สถานที่: ห้องสมุดวิทยาเขตนครสวรรค์ >วารสาร
ARRIVED
ปีที่ 29 ฉบับที่ 2
สถานที่: ห้องสมุดวิทยาเขตนครสวรรค์ >วารสาร
ARRIVED
ปีที่ 31 ฉบับที่ 1 ฉ.1
สถานที่: ห้องสมุดวิทยาเขตนครสวรรค์ >วารสาร
ARRIVED
ปีที่ 31 ฉบับที่ 2 ฉ.1
สถานที่: ห้องสมุดวิทยาเขตนครสวรรค์ >วารสาร

BibComment


ยังไม่เคยถูกคอมเมนท์

คอมเมนท์ทรัพยากรรายการนี้
  คอมเมนท์: วารสารสวนปรุงวิทย..


 Copyright 2026. Bcnsprnw @Library